| 000 | 00638nam a2200229Ia 4500 | ||
|---|---|---|---|
| 008 | 180523s9999 xx 000 0 und d | ||
| 020 | _a978-93-5154-110-3 | ||
| 050 | _aMAIN G 550 | ||
| 050 | _b.A38 2016 | ||
| 100 | _aAhuja, Ravindra. | ||
| 245 | 0 | _aHospitaliy and cruise ship management / | |
| 245 | 0 | _cRavindra Ahuja. | |
| 260 | _aNew Delhi, India : | ||
| 260 | _bVenus Books, | ||
| 260 | _c2016 | ||
| 300 | _a270 pages : | ||
| 300 | _billustrations ; | ||
| 300 | _c24 cm. | ||
| 500 | _aIncludes bibliographical references and index. | ||
| 650 | _aOcean travel -- Management. | ||
| 650 | _xCruise lines -- Management. | ||
| 999 |
_c357872 _d357872 |
||